Ciencias naturales y tecnología auxiliar de clínica / Ma Teresa Marsal Astort
Descripción Física:
3 v. : il. ; 30 cm
Materias:
Infermeria -- Ensenyament
MARC
| LEADER | 00000nam a2200000Ia 4500 | ||
|---|---|---|---|
| 001 | 2235, 2260, 2016 | ||
| 003 | BGR | ||
| 005 | 20260324175650.0 | ||
| 008 | 160829s9999 xx 000 0 cat d | ||
| 080 | |a C-1-41, C-1-42, C-1-43 | ||
| 100 | |a Marsal Astort, Ma Teresa |9 30925 | ||
| 245 | |a Ciencias naturales y tecnología auxiliar de clínica / Ma Teresa Marsal Astort | ||
| 260 | |a Barcelona : |b Diputació de Barcelona. Escola d'Arts i Oficis, [1986] | ||
| 300 | |a 3 v. : |b il. ; |c 30 cm | ||
| 650 | |a Infermeria |x Ensenyament |9 37162 | ||
| 710 | 2 | |a Escola d'Arts i Oficis (Barcelona, Catalunya) |9 55874 | |
| 901 | |a Arxiu | ||
| 942 | |n 1 |2 udc |c MON | ||
| 952 | |0 0 |1 0 |4 0 |6 C141_C142_C143 |7 1 |9 47721 |a Arxiu |b Arxiu |d 2016-12-01 |l 0 |o C-1-41, C-1-42, C-1-43 |p 2235, 2260, 2016 |r 2016-12-01 00:00:00 |w 2016-12-01 |y ARXIU | ||
| 999 | |c 51520 |d 51520 | ||